| 000 | 00748cam a22001814a 4500 | ||
|---|---|---|---|
| 005 | 20250605163452.0 | ||
| 008 | 250528s ||||||||||||||||||||||||d | ||
| 035 | _a19866 | ||
| 040 |
_aGR-AtMCL _bgre _dGR-AtMCL _eAACR2 |
||
| 245 | 1 | _aSchool of Psychology, Professional Diploma στη Συμβουλευτική Ψυχολογία 1st Semester | 3101N Counselling Skills, Development & Practice | 3104N Human Growth & Development | |
| 260 |
_bMediterranean College, _c2014 |
||
| 505 | 0 | _a3101N Counselling Skills, Development & Practice 3104N Human Growth & Development | |
| 520 | _a3101N Counselling Skills, Development & Practice 3104N Human Growth & Development | ||
| 942 | _cBK | ||
| 999 |
_c5110 _d5110 |
||